Informatika a komunikace

Využitie informatiky v logistike. Vplyv informatiky a komunikácie na zvyšovanie hospodárnosti podniku. Burzy podporujúce logistiku v rámci Internetu.

Salvato in:
Dettagli Bibliografici
Autore principale: Kubát, J.
Natura: Capitolo di libro
Lingua:ceco
Soggetti:
Tags: Aggiungi Tag
Nessun Tag, puoi essere il primo ad aggiungerne!!

MARC

LEADER 00000naa a2200000 4500
001 r026654
005 20230922090124.6
041 0 |a cze 
044 |a CZ 
245 1 0 |a Informatika a komunikace  |c J. Kubát 
520 |a Využitie informatiky v logistike. Vplyv informatiky a komunikácie na zvyšovanie hospodárnosti podniku. Burzy podporujúce logistiku v rámci Internetu. 
610 2 0 |a logistika 
610 2 0 |a využitie počítačov 
610 2 0 |a komunikácia 
610 2 0 |a informatika 
610 2 0 |a hospodárnosť 
610 2 0 |a internet 
610 2 0 |a burzy 
100 1 |a Kubát, J.